[Event "Moncada Cup-E"]
[Site "Santiago de Cuba"]
[Date "2019.03.29"]
[Round "10.3"]
[White "Bonet Molina, Ariel"]
[Black "Cazulo Ramirez, Jesus David"]
[Result "0-1"]
[WhiteElo "2179"]
[BlackElo "2157"]
[PlyCount "66"]
[EventDate "2019.03.20"]
[EventType "tourn"]
[EventRounds "10"]
[EventCountry "CUB"]
[SourceTitle "EXT 2023"]
[Source "ChessBase"]
[SourceDate "2022.10.05"]
[SourceVersion "1"]
[SourceVersionDate "2022.10.05"]
[SourceQuality "1"]

1. d4 Nf6 2. Nf3 e6 3. g3 d5 4. Bg2 Be7 5. 0-0 0-0 6. c4 dxc4 7. Ne5 Nc6 8. Nxc6 bxc6 9. Na3 Bxa3 10. bxa3 Ba6 11. Qd2 Qc8 12. Qa5 Bb5 13. e4 Rd8 14. Bg5 Rxd4 15. a4 Ba6 16. Rad1 Rd3 17. Bxf6 gxf6 18. e5 fxe5 19. Qxe5 Qd8 20. Qh5 h6 21. Rxd3 cxd3 22. Qxh6 Qd4 23. Re1 d2 24. Qg5+ Kf8 25. Qh6+ Kg8 26. Qg5+ Kf8 27. Qh6+ Ke7 28. Qg5+ f6 29. Qg7+ Kd6 30. Rxe6+ Kxe6 31. Bh3+ Kd6 32. Qd7+ Kc5 33. Qf5+ Kb6 0-1

[Event "Moncada Cup-E"]
[Site "Santiago de Cuba"]
[Date "2019.03.25"]
[Round "6.2"]
[White "Cazulo Ramirez, Jesus David"]
[Black "Calderin Gamayo, Julio Cesar"]
[Result "1-0"]
[WhiteElo "2157"]
[BlackElo "2172"]
[PlyCount "97"]
[EventDate "2019.03.20"]
[EventType "tourn"]
[EventRounds "10"]
[EventCountry "CUB"]
[SourceTitle "EXT 2023"]
[Source "ChessBase"]
[SourceDate "2022.10.05"]
[SourceVersion "1"]
[SourceVersionDate "2022.10.05"]
[SourceQuality "1"]

1. e4 c5 2. Nf3 a6 3. c4 Nc6 4. d4 cxd4 5. Nxd4 Nf6 6. Nc3 e6 7. a3 Qc7 8. Be3 Nxd4 9. Bxd4 d6 10. Be2 Be7 11. 0-0 0-0 12. Rc1 b6 13. Qd2 Bb7 14. f3 Nd7 15. b4 Bf6 16. Be3 Rfd8 17. Rfd1 Be7 18. Bf1 Rab8 19. Qf2 Bf8 20. Qg3 Rbc8 21. Qf2 Rb8 22. Bd4 Rdc8 23. Qd2 Rd8 24. Qg5 Rdc8 25. Qg3 Ra8 26. Be3 Bc6 27. Bf4 e5 28. Be3 a5 29. Nd5 Qb7 30. Qe1 axb4 31. axb4 Qb8 32. Ra1 Rxa1 33. Rxa1 b5 34. Rc1 Bxd5 35. cxd5 Rxc1 36. Qxc1 Nb6 37. Qc6 Nc4 38. Bxc4 bxc4 39. Qxc4 Qa8 40. Qb3 f5 41. exf5 Be7 42. b5 h6 43. b6 Bg5 44. Bxg5 hxg5 45. b7 Qb8 46. Qb6 Kh7 47. Kf2 Kh6 48. Kg3 Kh7 49. Qb5 1-0

[Event "Camajuani Guerrilleritos-B"]
[Site "Camajuani"]
[Date "2018.04.18"]
[Round "5"]
[White "Perez Marimon, Jorge De Jesus"]
[Black "Cazulo Ramirez, Jesus David"]
[Result "1-0"]
[WhiteElo "2126"]
[BlackElo "2222"]
[PlyCount "99"]
[EventDate "2018.04.16"]
[EventType "tourn"]
[EventRounds "10"]
[EventCountry "CUB"]
[SourceTitle "EXT 2021"]
[Source "ChessBase"]
[SourceDate "2020.10.23"]
[SourceVersion "1"]
[SourceVersionDate "2020.10.23"]
[SourceQuality "1"]

1. e4 e5 2. Nf3 Nc6 3. Bb5 a6 4. Ba4 Nf6 5. 0-0 Be7 6. Re1 b5 7. Bb3 d6 8. c3 0-0 9. d4 Bg4 10. Be3 exd4 11. cxd4 Na5 12. Bc2 c5 13. Nbd2 cxd4 14. Bxd4 Nc6 15. Be3 d5 16. Bg5 h6 17. Bxf6 Bxf6 18. exd5 Qxd5 19. Be4 Qd7 20. h3 Be6 21. Nb3 Bxb2 22. Qxd7 Bxd7 23. Rad1 Be8 24. Nbd4 Rc8 25. Nf5 Ba3 26. Re3 Bc5 27. Rc3 Bb4 28. Rcc1 a5 29. Ne5 Na7 30. Bd5 Kh7 31. Rxc8 Nxc8 32. Be4 g6 33. Rd8 Nb6 34. Ne3 Kg7 35. Rb8 Bd6 36. Rxb6 Bxe5 37. Rb7 Bd4 38. Kf1 Kf6 39. Ke2 Ke5 40. Kd3 f5 41. f4+ Kxf4 42. Kxd4 fxe4 43. Rb8 Kg3 44. Rc8 g5 45. Rd8 h5 46. Rc8 h4 47. Rc5 Rg8 48. Rc2 Bd7 49. Nf1+ Kf4 50. Rf2# 1-0

[Event "Camajuani Guerrilleritos-B"]
[Site "Camajuani"]
[Date "2018.04.16"]
[Round "1"]
[White "Cazulo Ramirez, Jesus David"]
[Black "Solares Orozco, Kebert"]
[Result "1-0"]
[WhiteElo "2222"]
[BlackElo "2199"]
[PlyCount "81"]
[EventDate "2018.04.16"]
[EventType "tourn"]
[EventRounds "10"]
[EventCountry "CUB"]
[SourceTitle "EXT 2021"]
[Source "ChessBase"]
[SourceDate "2020.10.23"]
[SourceVersion "1"]
[SourceVersionDate "2020.10.23"]
[SourceQuality "1"]

1. d4 d5 2. Bg5 g6 3. Nc3 Bg7 4. Qd3 Nc6 5. Nf3 Bf5 6. Qb5 Qd7 7. 0-0-0 0-0-0 8. e3 Nf6 9. Qa4 Ne4 10. Bh4 Nxc3 11. bxc3 h6 12. Bb5 g5 13. Bg3 Kb8 14. Kd2 Ka8 15. Rb1 Rb8 16. Rb3 a6 17. Ra3 Qc8 18. Bxc6 bxc6 19. Qxc6+ Ka7 20. Qc5+ Ka8 21. Qc6+ Ka7 22. Qc5+ Ka8 23. Qxd5+ Ka7 24. Qc5+ Ka8 25. Rb3 Rxb3 26. axb3 c6 27. Qxe7 Qb7 28. Qc5 Be4 29. Ra1 Re8 30. Ra4 Bf8 31. Bd6 Bxd6 32. Qxd6 Re6 33. Qf8+ Ka7 34. Ne5 Bxg2 35. Nd3 Rf6 36. Nc5 Rxf2+ 37. Kc1 Qb6 38. Qe7+ Kb8 39. Qe8+ Ka7 40. Qd7+ Kb8 41. Rb4 1-0

[Event "Ciudad Heroe"]
[Site "Santiago de Cuba"]
[Date "2018.02.15"]
[Round "1"]
[White "Quesada Vera, Liordis"]
[Black "Cazulo Ramirez, Jesus David"]
[Result "1-0"]
[WhiteElo "2370"]
[BlackElo "2212"]
[PlyCount "61"]
[EventDate "2018.02.15"]
[EventType "tourn"]
[EventRounds "7"]
[EventCountry "CUB"]
[SourceTitle "EXT 2021"]
[Source "ChessBase"]
[SourceDate "2020.10.23"]
[SourceVersion "1"]
[SourceVersionDate "2020.10.23"]
[SourceQuality "1"]

1. d4 Nf6 2. Nf3 d5 3. Bg5 Ne4 4. h4 c5 5. dxc5 Qa5+ 6. Nfd2 Bf5 7. c3 Qxc5 8. Nxe4 Bxe4 9. Nd2 Bf5 10. e4 dxe4 11. Qa4+ Nc6 12. Nb3 Qb6 13. Be3 Qc7 14. Nd4 Bd7 15. Nb5 Qb8 16. Bb6 Nd8 17. Rd1 Ne6 18. Rxd7 axb6 19. Rxb7 Rxa4 20. Rxb8+ Kd7 21. a3 Kc6 22. b3 Ra5 23. a4 g6 24. h5 h6 25. hxg6 fxg6 26. Bc4 Nf4 27. g3 Nd5 28. Bxd5+ Kxd5 29. Ke2 h5 30. Rd1+ Ke6 31. Rd4 1-0